Qué es el cuento /
Guardado en:
| Autor Principal: | |
|---|---|
| Formato: | Libro |
| Publicado: |
Buenos Aires :
Columba,
1967
|
| Series: | Colección Esquemas, 83
|
| Materias: | |
| Etiquetas: |
Agregar Etiqueta
Sin Etiquetas, Sea el primero en etiquetar este registro!
|
| LEADER | 00557nam a22002055a 4500 | ||
|---|---|---|---|
| 001 | CEM.cems000826 | ||
| 005 | 20060210000000.0 | ||
| 008 | 130507s1967##################000#0#####d | ||
| 003 | CEMS | ||
| 082 | 0 | 4 | |a 808.31 |
| 100 | 1 | |a Baquero Goyanes, Mariano | |
| 245 | 1 | 0 | |a Qué es el cuento / |
| 260 | |a Buenos Aires : |b Columba, |c 1967 | ||
| 300 | |a 73 p. | ||
| 490 | 0 | |a Colección Esquemas, 83 | |
| 653 | |a Cuento y novela | ||
| 653 | |a Cuento y poesia | ||
| 653 | |a Cuento-teoria | ||
| 653 | |a Literatura | ||
| 859 | |a CEMS |b BIB. CEMS - 11 de abril |h 808.31 |i B229 |p 3094.74 |t Ej.1 | ||
